000 nam a22 7a 4500
999 _c8736
_d8736
008 180119b ||||| |||| 00| 0 eng d
100 _aSharma.C.P.
_9903
245 _aSocial Science history
260 _aNew Delhi
_bPrachi
_c2009